书目信息 |
| 题名: |
脑血管病你能战胜它
|
|
| 作者: | 王拥军 , 马金城 主编 | |
| 分册: | ||
| 出版信息: | 北京 科学技术文献出版社 1998.12 |
|
| 页数: | 152页 | |
| 开本: | 32开 | |
| 丛书名: | ||
| 单 册: | ||
| 中图分类: | R743 | |
| 科图分类: | ||
| 主题词: | 神经病学 , 精神病学 | |
| 电子资源: | ||
| ISBN: | 7-5023-3121-2 | |
| 000 | 00641nam0 2200217 45 | |
| 001 | 0009301589 | |
| 005 | 20000930155721.3 | |
| 010 | @a7-5023-3121-2@d8.00元 | |
| 100 | @a20000930d1998 km y0chiy0120 ea | |
| 101 | 0 | @achi |
| 105 | @a z 000yy | |
| 200 | 1 | @a脑血管病你能战胜它@ANao Xue Guan Bing Ni Neng Zhan Sheng Ta@f王拥军,马金城主编@FWang Yong Jun,Ma Jin Cheng Zhu Bian |
| 210 | @a北京@c科学技术文献出版社@d1998.12 | |
| 215 | @a152页@d32开 | |
| 606 | 0 | @a神经病学 |
| 606 | 0 | @a精神病学 |
| 690 | @aR743@v3 | |
| 701 | 0 | @a王拥军@4主编 |
| 701 | 0 | @a马金城@4主编 |
| 801 | @aCN@bPftUser@c20000930 | |
| 905 | @b160408-410@dR743@eW361@f3 | |
| 脑血管病你能战胜它/王拥军,马金城主编.-北京:科学技术文献出版社,1998.12 |
| 152页;32开 |
| ISBN 7-5023-3121-2:8.00元 |
| ● |
| 相关链接 |
|
|
|
正题名:脑血管病你能战胜它
索取号:R743/W361
 
预约/预借
| 序号 | 登录号 | 条形码 | 馆藏地/架位号 | 状态 | 备注 |
| 1 | 160408 | 201604086 | 自科库401/401自科库 21排1列1层/ [索取号:R743/W361] | 在馆 | |
| 2 | 160409 | 201604095 | 自科库401/401自科库 21排1列1层/ [索取号:R743/W361] | 在馆 | |
| 3 | 160410 | 201604102 | 自科库401/401自科库 21排1列1层/ [索取号:R743/W361] | 在馆 |